Top Players for UEFA - Statistics

General Stats
  • This quiz has been taken 24 times
  • The average score is 3 of 15
Answer Stats
# Country Player % Correct
1 Portugal Cristiano Ronaldo
100%
2 Sweden Zlatan Ibrahimovic
90%
4 France Antoine Griezmann
67%
15 France Oliver Giroud
24%
8 France Laurent Koscielny
10%
10 Turkey Hakan Çalhanoğlu
5%
5 England James Milner
5%
14 Spain Bruno Soriano
0%
9 Spain Cesc Fabregas
0%
3 France Dimitri Payet
0%
6 Spain Koke
0%
12 Serbia Marek Hamsik
0%
7 Spain Sergio Ramos
0%
13 Spain Thiago Alcantara
0%
11 Germany Toni Kroos
0%
No matching quizzes found
Score Distribution
Percent of People with Each Score
Percentile by Number Answered
Your Score History
You have not taken this quiz